| 000 | 01892nam a2200529 i 4500 | ||
|---|---|---|---|
| 001 | 32184 | ||
| 003 | KOSZ 005 | ||
| 005 | 20250722063908.0 | ||
| 008 | 980226s1997 pl |000 0 pol | ||
| 015 | _aUWD 1998/1694 | ||
| 020 | _a8301124342 | ||
| 035 | _a991003444839705066 | ||
| 035 | _a(PL-WaBN)b10922647-48omnis_nlop | ||
| 035 | _ab10922647 | ||
| 035 | _a(OCoLC)749739781 | ||
| 035 | _a(PL)b0000001092264 | ||
| 035 | _a(EXLNZ-48OMNIS_NETWORK)9910009112105606 | ||
| 040 |
_aWA N _cWA N _dKOSZ 005/HR |
||
| 046 | _k1997 | ||
| 080 | _a352/353(438)"1989/..." | ||
| 080 | _a351(-2)"1989/..." | ||
| 080 | _a332.1(438)"1989/..." | ||
| 100 | 1 |
_aWojciechowski, Eugeniusz _eAutor |
|
| 245 | 1 | 0 |
_aSamorząd terytorialny w warunkach gospodarki rynkowej / _cEugeniusz Wojciechowski ; Fundacja Edukacyjna Przedsiębiorczości. |
| 260 |
_aWarszawa : _bWydaw. Naukowe PWN, _c1997. |
||
| 300 |
_a149, [2] s. ; _c21 cm. |
||
| 336 |
_aTekst _btxt _2rdacontent |
||
| 337 |
_aBez urządzenia pośredniczącego _bn _2rdamedia |
||
| 338 |
_aWolumin _bnc _2rdacarrier |
||
| 380 | _aKsiążki | ||
| 388 | _a1901-2000 | ||
| 388 | _a1989-2000 | ||
| 490 | 1 | _aPrzedsiębiorczość | |
| 504 | _aBibliogr. s. 144-148, wykaz aktów prawnych s. 149-[150]. | ||
| 648 | _a1901-2000 | ||
| 648 | _a1989-2000 | ||
| 650 | 7 |
_aGospodarka komunalna _2DBN |
|
| 650 | 7 |
_aSamorząd terytorialny _2DBN |
|
| 658 | _aPolityka, politologia, administracja publiczna | ||
| 650 | 7 |
_aGospodarka regionalna _2DBN |
|
| 710 | 2 | _aFundacja Edukacyjna Przedsiębiorczości | |
| 710 | 2 |
_aWydawnictwo Naukowe PWN _4pbl |
|
| 830 | 0 | _aPrzedsiębiorczość (PWN) | |
| 856 |
_uhttp://koha.tu.koszalin.pl/cgi-bin/koha/opac-detail.pl?biblionumber=32184 _yKatalog online BPK |
||
| 942 |
_2UKD _cKS |
||
| 999 |
_c32184 _d32184 |
||